Faculty of Law Library — Cairo University

Official Online Catalog

Petit Dictionnaire Médico-légal Des Accidents Du Travatl : (Record no. 74976)

MARC details
000 -LEADER
fixed length control field 01062nam a2200301 i 4500
003 - CONTROL NUMBER IDENTIFIER
control field EG-GICUC
005 - DATE AND TIME OF LATEST TRANSACTION
control field 20260502193348.0
008 - FIXED-LENGTH DATA ELEMENTS--GENERAL INFORMATION
fixed length control field 260502s1914 fr |||fr|||| 00| 0 fre d
040 ## - CATALOGING SOURCE
Original cataloging agency EG-GiCUC
Language of cataloging fre
Transcribing agency EG-GiCUC
Modifying agency EG-GiCUC
Description conventions Rda
082 04 - DEWEY DECIMAL CLASSIFICATION NUMBER
Edition number 21
Classification number 343.83
Item number PE . P
092 04 - LOCALLY ASSIGNED DEWEY CALL NUMBER (OCLC)
Edition number 21
099 ## - LOCAL FREE-TEXT CALL NUMBER (OCLC)
Classification number Law1 10 343.83 PE . P 1914
100 1# - MAIN ENTRY--PERSONAL NAME
Personal name Perrot, Henri
Relator term Auteur
245 10 - TITLE STATEMENT
Title Petit Dictionnaire Médico-légal Des Accidents Du Travatl :
Statement of responsibility, etc. Par Henri Perrot, Edmond Gerschel, Préface De Eugène Cottrelle.
264 #1 - PRODUCTION, PUBLICATION, DISTRIBUTION, MANUFACTURE, AND COPYRIGHT NOTICE
Place of production, publication, distribution, manufacture Paris :
Name of producer, publisher, distributor, manufacturer Aux Bureaux Du Recueil Spécial Des Accidents Du Travail,
Date of production, publication, distribution, manufacture, or copyright notice 1914.
300 ## - PHYSICAL DESCRIPTION
Extent 141 page;
Dimensions 24 cm.
336 ## - CONTENT TYPE
Source rda contenu
Content type term texte
337 ## - MEDIA TYPE
Source rda medias
Media type term Ordinateur
338 ## - CARRIER TYPE
Source transporteur rda
Carrier type term Ressource en ligne
650 1# - SUBJECT ADDED ENTRY--TOPICAL TERM
Topical term or geographic name entry element Médecine Légale
Source of heading or term qrmak
650 1# - SUBJECT ADDED ENTRY--TOPICAL TERM
Topical term or geographic name entry element Droit De Pénal
Source of heading or term qrmak
651 1# - SUBJECT ADDED ENTRY--GEOGRAPHIC NAME
Source of heading or term qrmak
700 1# - ADDED ENTRY--PERSONAL NAME
Personal name Gerschel, Edmond
Relator term Co-Auteur
700 1# - ADDED ENTRY--PERSONAL NAME
Personal name Cottrelle, Eugène
Relator term Préfacier
856 40 - ELECTRONIC LOCATION AND ACCESS
Uniform Resource Identifier <a href="https://fll.law.cu.edu.eg/fulltext/bks/B10-11174.pdf">https://fll.law.cu.edu.eg/fulltext/bks/B10-11174.pdf</a>
905 ## - Cataloger and Reviser Names
Cataloger Name: Yasmin Sayed
942 ## - ADDED ENTRY ELEMENTS (KOHA)
Source of classification or shelving scheme Dewey Decimal Classification
Koha item type Books
Edition 21
Suppress in OPAC No
Holdings
Withdrawn status Lost status Source of classification or shelving scheme Damaged status Not for loan Collection Home library Current library Date acquired Total checkouts Full call number Barcode Date last seen Copy number Price effective from Koha item type
    Dewey Decimal Classification   Not for loan القانون الجنائي جــــامعة القــاهرة مكتبة كلية الحقوق - المبنى الرئيسي 02.05.2026   Law1 10 343.83 PE . P 1914 1011174 C1 B10-11174 02.05.2026 1 02.05.2026 Books

© All rights reserved — Faculty of Law, Cairo University